000 00498nam a2200181Ia 4500
003 GCL
008 140319s9999 xx 000 0 ara d
040 _aGCL /
_cGCL
082 0 4 _a811.9
_bف ح
100 1 _aفؤاد حداد
245 1 0 _aالحضرة الذكية /
_cفؤاد حداد
260 _a[S.N] :
_bدار المستقبل العربى ،
_c1984
300 _a288 ص
490 _a
650 0 4 _aالشعر العربى
650 0 4 _aدواوين وقصائد
942 _2ddc
_cBK
999 _c54158
_d54158